Comunicaciones y redes de computadores: problemas y ejercicios resueltos

Sparad:
Bibliografiska uppgifter
Huvudupphovsmän: Magaña Lizarrondo, Eduardo (autor), Izkue Mendi, Edurne (Författare, medförfattare), Prieto Miguez, Manuel (Författare, medförfattare), Villadangos Alonso, Jesús (Författare, medförfattare)
Materialtyp: Bok
Språk:spanska
Publicerad: Madrid Pearson Educación 2003
Serie:Prentice Practica
Ämnen:
Taggar: Lägg till en tagg
Inga taggar, Lägg till första taggen!

MARC

LEADER 00000nam a2200000 a 4500
001 UCK5734
003 CL-VaPUC
008 050819e20030000SP |||||||||||||||||spa|d
020 |a 8420539201 
082 0 4 |a 004.65  |b MAG  |2 21 
100 |a Magaña Lizarrondo, Eduardo  |e autor  |9 494680 
700 0 |a Izkue Mendi, Edurne  |e author  |9 494681 
700 0 |a Prieto Miguez, Manuel  |e author  |9 494682 
700 0 |a Villadangos Alonso, Jesús  |e author  |9 494683 
245 1 0 |a Comunicaciones y redes de computadores: problemas y ejercicios resueltos 
300 |a 205 p 
942 |c BK 
945 |d 20050819 00:00:00  |a jcarroza 
260 |a Madrid  |b Pearson Educación  |c 2003 
650 0 |a Redes de computadores  |9 263293 
650 7 |a TRANSMISION DE DATOS  |2 CL-VaPUC  |9 460472 
650 0 |a Redes de información  |9 230208 
650 0 |a Arquitectura de redes   |x Computadores  |9 425150 
650 0 |a Problemas, ejercicios, etc  |9 259377 
583 |a last modification  |c 20050819 00:00:00  |k Rodrigo Vera 
490 0 |a Prentice Practica 
999 |c 314227  |d 314225 
952 |0 0  |1 0  |4 0  |6 004_650000000000000_MAG_2003  |7 0  |8 A  |9 386250  |a BIBING  |b BIBING  |d 2019-11-22  |i 4156412  |o 004.65 MAG 2003  |p 4156412  |r 2024-01-25  |w 2019-11-22  |y BK  |k EIE